Loading...
| History - American | 0 | 5 | 0 | 0 | 50 | 57 | 102.80 | 0 | 2 | 0.00 | 0.00 |
| History - World | 0 | 4 | 0 | 1 | 40 | 110 | 127.00 | 0 | 1 | 0.00 | 0.00 |
| History - European | 0 | 5 | 2 | 1 | 40 | 32 | 107.40 | 1 | 1 | 0.00 | 0.00 |
| Philosophy | 0 | 2 | 0 | 0 | 20 | 103 | 112.00 | 0 | 0 | 0.00 | 0.00 |
| Mythology | 0 | 2 | 1 | 0 | 15 | 91 | 112.50 | 0 | 0 | 0.00 | 0.00 |
| History - Other | 0 | 1 | 0 | 0 | 10 | 67 | 67.00 | 1 | 1 | 0.00 | 0.00 |
| Literature - European | 0 | 1 | 0 | 0 | 10 | 146 | 146.00 | 0 | 0 | 0.00 | 0.00 |
| Fine Arts - Painting & Sculpture | 0 | 1 | 0 | 0 | 10 | 123 | 123.00 | 0 | 1 | 0.00 | 0.00 |
| Social Science | 0 | 1 | 1 | 0 | 5 | 111 | 111.00 | 0 | 0 | 0.00 | 0.00 |
| Religion | 0 | 1 | 1 | 0 | 5 | 122 | 122.00 | 0 | 0 | 0.00 | 0.00 |
| Science - Biology | 0 | 0 | 0 | 0 | 0 | 0.00 | 0 | 0 | 0.00 | 0.00 | |
| Literature - World | 0 | 0 | 0 | 0 | 0 | 0.00 | 0 | 0 | 0.00 | 0.00 |